| 000 | 01065nam0a2200301 4500 | ||
|---|---|---|---|
| 001 | RU\NLR\bibl\1015621 | ||
| 005 | 20250614232839.0 | ||
| 010 |
_a5-486-00887-2 _955000 |
||
| 021 |
_aRU _b2006-65769 _93297 |
||
| 035 | _a(NLR Aleph) 001003198 | ||
| 090 |
_a591703 _c591703 |
||
| 100 | _a20061201d2006 |||y0rusy50 ca | ||
| 101 | 0 | _arus | |
| 102 | _aRU | ||
| 105 | _aa ||||||||| | ||
| 200 | 1 |
_aНизкоуглеводная диета _eстройная фигура и прекрасное самочувствие _fКлаус Обербайль _g[пер. с нем. М.В. Лебединского] |
|
| 210 |
_aМосква _cМир книги _d2006 |
||
| 215 |
_a142,[1] с. _cил. _d17 |
||
| 606 | 1 |
_aВес тела _xВлияние низкоуглеводной диеты _92449712 _3RU\NLR\auth\661456618 |
|
| 686 | _aР351.12 | ||
| 686 | _aР123.03 | ||
| 700 | 1 |
_aОбербайль _bК. _gКлаус _4070 |
|
| 801 | 0 |
_aRU _bNLR _c20061201 _grcr |
|
| 801 | 1 |
_aRU _bNLR _c20061201 |
|
| 830 | _aпо кн | ||
| 942 | _cBOOK | ||
| 980 | _aNB | ||